000
00302nam a22001337a 4500
008
181018b xxu||||| |||| 00| 0 eng d
020
_a
9781413032628
041
_a
eng
080
_a
371
100
_a
46
101
_a
EDU
245
_a
Your Guide to College Success
_c
Santrock, J.W
942
_2
udc
_c
BK
999
_c
50139
_d
50139